| 000 | 00464nam a22001577a 4500 | ||
|---|---|---|---|
| 003 | OSt | ||
| 005 | 20240705112632.0 | ||
| 007 | 210 | ||
| 008 | 240705b |||||||| |||| 00| 0 eng d | ||
| 020 | _a9780753555200 | ||
| 040 |
_bEnglish _c |
||
| 082 |
_a808.83 _bTHI |
||
| 245 |
_aZero to One _bNotes on startups or how to build the future _cThiel Peter _hEnglish |
||
| 260 |
_bVirgin Books _c2014 |
||
| 942 |
_2ddc _cBK _h808.83 / THI _k808.83 _mTHI _n0 |
||
| 999 |
_c36051 _d36051 |
||